Eponymous TV Show Characters Quiz Stats

 Plays Quiz Updated Aug 5, 2016

Challenge
Share
Tweet
Score 0/24 Timer 07:00
1 Play Today
% Correct
House, M.D. (Gregory House)
94.6%
SpongeBob SquarePants (SpongeBob SquarePants)
93.5%
Judge Judy (Judith Sheindlin)
92.9%
Sherlock (Sherlock Holmes)
91.5%
Seinfeld (Jerry Seinfeld)
86.8%
The Jerry Springer Show (Jerry Springer)
85.8%
Xena: Warrior Princess (Xena)
84.7%
Buffy the Vampire Slayer (Buffy Summers)
84.5%
Everybody Loves Raymond (Ray Barone)
82.5%
Dexter (Dexter Morgan)
81%
I Love Lucy (Lucy Ricardo)
81%
Sabrina the Teenage Witch (Sabrina Spellman)
77%
% Correct
Magnum P.I. (Thomas Magnum)
72.9%
My Name is Earl (Earl Hickey)
71.9%
The Colbert Report (Stephen Colbert)
64.1%
Better Call Saul (Saul Goodman)
62.3%
Veronica Mars (Veronica Mars)
61.3%
Hannibal (Hannibal Lecter)
60.2%
Fawlty Towers (Basil Fawlty)
48%
Unbreakable Kimmy Schmidt (Kimmy Schmidt)
42.5%
Luther (John Luther)
39.4%
RuPaul's Drag Race (RuPaul Charles)
38.1%
Jessica Jones (Jessica Jones)
37.8%
Bates Motel (Norman Bates)
34.2%

You're not logged in!

Compare scores with friends on all Sporcle quizzes.
Join for Free
OR
Log In

You Might Also Like...

Show Comments

Extras

Top Quizzes Today


Score Distribution

Your Account Isn't Verified!

In order to create a playlist on Sporcle, you need to verify the email address you used during registration. Go to your Sporcle Settings to finish the process.

Report this User

Report this user for behavior that violates our Community Guidelines.

Details: